Statistiques concernant Pokemon & Animaux

Cliquez ici pour prendre le quiz!

Statistiques générales

  • Ce quiz a été pris 9 fois
  • Le résultat moyen est 4 sur 15

Statistiques - réponses

HintRéponse% Correct
Insecte bodybuldeurMouscoto
89%
Pédo-HypnotiseurHypnomade
78%
Dragon coquilleDrackhaus
56%
Oiseau nocturneNoarfang
56%
Juste un chatChaglam
33%
Le meilleur sarteur et pokémonArchéduc
11%
C'est un insecte ça?Caratroc
11%
Chien humanoïdeGranbull
11%
Lezard solaireIguolta
11%
Déjà qu'il est mauvais attaquant, il estPyrobut
11%
Un arbre?Torterra
11%
Pokemon préféré des cambriloleursTrousselin
11%
Serpent de sableDunanja
0%
Anti-taxisForgelina
0%
LucasLucanon
0%

Distribution des résultats

Percentile par nombre de réponses

% des personnes avec chaque résultat

Votre développement - résultats

Vous n’avez pas pris ce quiz